[Event "Ruhrgebiet VK1 0001"]
[Site "Ruhrgebiet"]
[Date "2001.04.22"]
[Round "8"]
[White "Inderhees, Frank"]
[Black "Steinke, Matthias"]
[Result "0-1"]
[WhiteElo "1798"]
[BlackElo "1886"]
[PlyCount "74"]
[EventDate "2000.09.17"]
[EventType "team-tourn"]
[EventRounds "9"]
[EventCountry "GER"]
[SourceTitle "EXT 2023"]
[Source "ChessBase"]
[SourceDate "2022.10.05"]
[SourceVersion "1"]
[SourceVersionDate "2022.10.05"]
[SourceQuality "1"]
[WhiteTeam "Essen Listiger Bauer"]
[BlackTeam "Gerthe"]
[WhiteTeamCountry "GER"]
[BlackTeamCountry "GER"]

1. e4 e6 2. Nf3 d5 3. exd5 exd5 4. d4 Bd6 5. Bd3 Ne7 6. Bg5 f6 7. Be3 0-0 8. h3 Bf5 9. Nh4 Qd7 10. Nxf5 Nxf5 11. Bxf5 Qxf5 12. Nd2 Nd7 13. 0-0 Rae8 14. Nf3 Qh5 15. c3 f5 16. Nh2 Qf7 17. Qd3 h6 18. Rae1 Re4 19. f3 Re6 20. Bd2 Bg3 21. Rxe6 Qxe6 22. Be3 Qd6 23. f4 Bxh2+ 24. Kxh2 g6 25. Bd2 Nf6 26. c4 Ne4 27. c5 Qd7 28. Bb4 Re8 29. b3 Re6 30. a4 a6 31. Ra1 Qe7 32. Be1 Nf6 33. Qg3 Nh5 34. Qf2 Re2 35. Qf1 Qe4 36. Bg3 Qe3 37. Be1 Nxf4 0-1

[Event "Ruhrgebiet VK1 0001"]
[Site "Ruhrgebiet"]
[Date "2000.12.10"]
[Round "4"]
[White "Steinke, Matthias"]
[Black "Niebius, Norbert"]
[Result "0-1"]
[WhiteElo "1886"]
[BlackElo "1874"]
[PlyCount "70"]
[EventDate "2000.09.17"]
[EventType "team-tourn"]
[EventRounds "9"]
[EventCountry "GER"]
[SourceTitle "EXT 2023"]
[Source "ChessBase"]
[SourceDate "2022.10.05"]
[SourceVersion "1"]
[SourceVersionDate "2022.10.05"]
[SourceQuality "1"]
[WhiteTeam "Gerthe"]
[BlackTeam "Buer SF"]
[WhiteTeamCountry "GER"]
[BlackTeamCountry "GER"]

1. d4 e6 2. Nf3 f5 3. Bf4 Nf6 4. h3 Be7 5. e3 0-0 6. Bd3 d6 7. Nbd2 Nc6 8. c3 e5 9. dxe5 dxe5 10. Bc4+ Kh8 11. Nxe5 Nxe5 12. Bxe5 Qe8 13. 0-0 Qc6 14. Qe2 Ne4 15. Nf3 Bf6 16. Rad1 Be6 17. Bxe6 Qxe6 18. Bxf6 Rxf6 19. a3 Nd6 20. Qc2 h6 21. Nd4 Qf7 22. Qd3 Rf8 23. Nb5 Nc4 24. Qe2 Rb6 25. b3 Rxb5 26. bxc4 Rb3 27. Ra1 Rxc3 28. Rfc1 Qf6 29. Qe1 Rd3 30. Qb4 b6 31. Rd1 Rfd8 32. Qa4 Qc3 33. Rdc1 Qe5 34. Rd1 Rd2 35. Rxd2 Qxa1+ 0-1

[Event "Bochum-ch"]
[Site "Bochum"]
[Date "2000.10.30"]
[Round "4"]
[White "Steinke, Matthias"]
[Black "Mackowiak, Sascha"]
[Result "1-0"]
[WhiteElo "1832"]
[BlackElo "1711"]
[PlyCount "53"]
[EventDate "2000.10.09"]
[EventType "swiss"]
[EventRounds "9"]
[EventCountry "GER"]
[SourceTitle "EXT 2006"]
[Source "ChessBase"]
[SourceDate "2005.11.24"]
[SourceVersion "1"]
[SourceVersionDate "2005.11.24"]
[SourceQuality "1"]

1. d4 e6 2. Nf3 Nf6 3. Bf4 d5 4. e3 Be7 5. h3 c5 6. c3 Nc6 7. Bd3 0-0 8. 0-0 h6 9. Nbd2 cxd4 10. exd4 Bd7 11. Ne5 Rc8 12. Bh2 b5 13. Nxd7 Qxd7 14. Bxb5 Qb7 15. Qe2 Qb6 16. Rfb1 Na5 17. Bd3 Rfd8 18. Nf3 Bd6 19. Ne5 Nd7 20. Nf3 Bxh2+ 21. Kxh2 Nc4 22. b3 Na3 23. Rc1 Rc7 24. c4 dxc4 25. bxc4 Qd6+ 26. g3 Nc5 27. Rc3 1-0

[Event "Bochum-ch"]
[Site "Bochum"]
[Date "2000.10.16"]
[Round "2"]
[White "Guennewig, Hans Norbert"]
[Black "Steinke, Matthias"]
[Result "0-1"]
[WhiteElo "1752"]
[BlackElo "1832"]
[PlyCount "68"]
[EventDate "2000.10.09"]
[EventType "swiss"]
[EventRounds "9"]
[EventCountry "GER"]
[SourceTitle "EXT 2006"]
[Source "ChessBase"]
[SourceDate "2005.11.24"]
[SourceVersion "1"]
[SourceVersionDate "2005.11.24"]
[SourceQuality "1"]

1. e4 e6 2. d3 d5 3. Nd2 c5 4. Ngf3 Nc6 5. g3 Nf6 6. Bg2 Be7 7. 0-0 0-0 8. e5 Nd7 9. Re1 Qc7 10. Qe2 b6 11. Nf1 Ba6 12. c3 Rae8 13. Bf4 b5 14. h4 b4 15. Bh3 bxc3 16. bxc3 d4 17. c4 Bb7 18. Ng5 Bxg5 19. hxg5 Ne7 20. Nd2 Rb8 21. Reb1 Ba8 22. Bg2 Rxb1+ 23. Rxb1 Bxg2 24. Kxg2 Rb8 25. Rh1 Rb2 26. Qh5 Nf8 27. Ne4 Qc6 28. g4 Neg6 29. Kg3 Nxf4 30. Kxf4 Re2 31. Kf3 Rd2 32. Kg2 Rxd3 33. f3 Ra3 34. Kg3 Qxe4 0-1

[Event "Bochum-ch"]
[Site "Bochum"]
[Date "2000.10.09"]
[Round "1"]
[White "Steinke, Matthias"]
[Black "Jellinghaus, Lars"]
[Result "0-1"]
[WhiteElo "1832"]
[BlackElo "2259"]
[PlyCount "76"]
[EventDate "2000.10.09"]
[EventType "swiss"]
[EventRounds "9"]
[EventCountry "GER"]
[SourceTitle "EXT 2006"]
[Source "ChessBase"]
[SourceDate "2005.11.24"]
[SourceVersion "1"]
[SourceVersionDate "2005.11.24"]
[SourceQuality "1"]

1. d4 e6 2. Nf3 Nf6 3. Bf4 b6 4. e3 Bb7 5. Nbd2 Be7 6. Bd3 0-0 7. h3 d6 8. 0-0 Nbd7 9. c3 a6 10. e4 Re8 11. Bh2 e5 12. Ne1 Bf8 13. d5 Nc5 14. Bc2 a5 15. b4 Ncd7 16. a3 g6 17. Nd3 Bh6 18. Re1 c6 19. c4 b5 20. Nb2 axb4 21. a4 bxa4 22. Bxa4 c5 23. Nb3 Rf8 24. Qf3 Nh5 25. g4 Nf4 26. Bxf4 Bxf4 27. Nd3 Bg5 28. Bb5 Qc7 29. Qg3 Ra3 30. Rxa3 bxa3 31. Ra1 Ra8 32. Qf3 Nf6 33. Qe2 Bc8 34. f3 Bd7 35. Bxd7 Nxd7 36. Kg2 Ra4 37. Qc2 Qa7 38. Ra2 Qa6 0-1